Central Library OPAC University of Rajshahi

Chemical engineering / (Record no. 54122)

MARC details
000 -LEADER
fixed length control field 00858nam a2200277 a 4500
001 - CONTROL NUMBER
control field 54122
003 - CONTROL NUMBER IDENTIFIER
rucl marc code BD-RjUL
005 - DATE AND TIME OF LATEST TRANSACTION
control field 20211209080056.0
008 - FIXED-LENGTH DATA ELEMENTS--GENERAL INFORMATION
fixed length control field 161102r2007 ii a|||| |||| 001 0 eng d
020 ## - INTERNATIONAL STANDARD BOOK NUMBER
International Standard Book Number 9788131204528
035 ## - SYSTEM CONTROL NUMBER
System control number (BD-RjUL)54244
040 ## - CATALOGING SOURCE
Original cataloging agency BD-RjUL
Language of cataloging eng
Transcribing agency BD-RjUL
041 ## - LANGUAGE CODE
Language code of text/sound track or separate title eng
082 ## - DEWEY DECIMAL CLASSIFICATION NUMBER
Edition number 23
Classification number 660
Author mark and year COC V-3 2007
100 ## - MAIN ENTRY--PERSONAL NAME
Personal name Coulson, J. M.
9 (RLIN) 161595
245 ## - TITLE STATEMENT
Title Chemical engineering /
Statement of responsibility, etc. J M Coulson; J F Richardson; D. G. Peacock
250 ## - EDITION STATEMENT
Edition statement 3rd, ed.
260 ## - PUBLICATION, DISTRIBUTION, ETC. (IMPRINT)
Place of publication, distribution, etc. New Delhi :
Name of publisher, distributor, etc. Butterworth Heinemann,
-- Elsevier,
Date of publication, distribution, etc. c2006 [reprinted 2007]
300 ## - PHYSICAL DESCRIPTION
Pagination V.
Illustrations ill. ;
Size 23 cm.
500 ## - GENERAL NOTE
General note Includes index
505 ## - FORMATTED CONTENTS NOTE
Formatted contents note V. 3--chemical & biochemical reactors & process control
650 ## - SUBJECT ADDED ENTRY--TOPICAL TERM
Topical term or geographic name as entry element Chemical engineering.
9 (RLIN) 144675
700 ## - ADDED ENTRY--PERSONAL NAME
Personal name Richardson, J. F
Personal name Peacock, D. G.
942 ## - ADDED ENTRY ELEMENTS (KOHA)
Source of classification or shelving scheme Dewey Decimal Classification
Koha item type Books
Holdings
Lost status Source of classification or shelving scheme Damaged status Not for loan Collection code Permanent Location Current Location Shelving location Date acquired Source of acquisition Cost, normal purchase price Total Checkouts Full call number Date last seen Copy number Koha item type
  Dewey Decimal Classification     Non-fiction Central Library, University of Rajshahi Central Library, University of Rajshahi   12/03/2011 Paragon Enterprizes, Dhaka 595.00   660 COC V-3 2007 02/11/2016 C-2 Books
  Dewey Decimal Classification   Not For Loan Non-fiction Central Library, University of Rajshahi Central Library, University of Rajshahi Reading Room 12/03/2011 Dhaka, Paragon Enterprises Ltd. 595.00   660 COC V-3 2007 25/03/2017 C-1 Books